| 000 -CABECERA |
| fixed length control field |
01195nam a22002297a 4500 |
| 003 - IDENTIFICADOR DEL NÚMERO DE CONTROL |
| control field |
AR-CdUCM |
| 008 - DATOS DE LONGITUD FIJA--INFORMACIÓN GENERAL |
| fixed length control field |
190227b ||||| |||| 00| 0 spa d |
| 020 ## - NÚMERO INTERNACIONAL ESTÁNDAR DEL LIBRO |
| ISBN |
9682905923 |
| 040 ## - FUENTE DE LA CATALOGACIÓN |
| Agencia/entidad que catalogó originalmente la obra |
MUNICIPALIDAD PROVINCIAL DEL CUSCO |
| Entidad que transcribió la catalogación |
BIBLIOTECA MUNICIPAL DEL CUSCO |
| 082 ## - NÚMERO DE LA CLASIFICACIÓN DECIMAL DEWEY |
| No. de la edición |
2da. ed. |
| No. de Clasificación |
377.29 / |
| Notacion interna |
L46 |
| 100 ## - ENTRADA PRINCIPAL--NOMBRE DE PERSONA |
| Nombre Personal |
Leon Lopez, Enrique G. |
| 245 ## - MENCIÓN DE TÍTULO |
| Título |
El Instituto Politecnico Nacional : |
| Resto del título |
Origen y Revolucion Historica / |
| Mención de responsabilidad |
Leon Lopez, Enrique G. |
| 260 ## - PUBLICACIÓN, DISTRIBUCIÓN, ETC. |
| Lugar de publicación, distribución, etc. |
Mexico : |
| Nombre de la editorial, distribuidor, etc. |
Instituto Politecnico Nacional , |
| Fecha de publicación, distribución, etc. |
1986. |
| 300 ## - DESCRIPCIÓN FÍSICA |
| Nº de Páginas Extensión |
354 paginas : |
| Dimensiones |
21 cm. |
| 505 ## - NOTA DE CONTENIDO CON FORMATO |
| Nota de contenido formateada |
Breve Cronica de los Institutos Politecnicos -- Antecedentes Historicos del Instituto Politecnico Nacional -- La Creacion del Instituto Politecnico Nacional -- Los Inicios de la Investigacion Cientifica -- La investigacion cientifica y tecnologica en las actuales escuelas del Instituto Politecnico Nacional -- El Centro de Investigacion y Estudios Avanzados del Instituto Politecnico Nacional... |
| 650 ## - PUNTO DE ACCESO ADICIONAL DE MATERIA--TÉRMINO DE MATERIA |
| Descriptor |
Instituto Politecnico Nacional (Mexico). |
| 9 (RLIN) |
5389 |
| 650 ## - PUNTO DE ACCESO ADICIONAL DE MATERIA--TÉRMINO DE MATERIA |
| Descriptor |
Educacion Tecnica. |
| 9 (RLIN) |
5178 |
| 650 ## - PUNTO DE ACCESO ADICIONAL DE MATERIA--TÉRMINO DE MATERIA |
| Descriptor |
Mexico Tecnico. |
| 9 (RLIN) |
5390 |
| 700 ## - PUNTO DE ACCESO ADICIONAL--NOMBRE DE PERSONA |
| Nombre Personal |
Leon Lopez, Enrique G. |
| 9 (RLIN) |
5388 |
| 942 ## - ELEMENTOS DE PUNTO DE ACCESO ADICIONAL (KOHA) |
| Fuente de clasificación |
|
| Tipo de item |
Libros-BMC |
| 945 ## - PROCESAMIENTO DE INFORMACIÓN LOCAL (OCLC) |
| Catalogador |
rtm |
| AAAA-MM-DD - Fecha de ingreso o modificacion |
2019-02-27 |